00444nam a22001577a 450000500170000001000140001702000260003103500130005703700130007008200060008310000240008924500630011326000320017627000520020830000260026020100731113022.0 aENG-97454 a9789380870007c250.00 aEN-80987 bDBAD/PUB aS aBompas, Cecil Henry aThe pious woman and other stories /cby cecil Henry Bompas aJaipurbAnu Prakashanc2010 aDhamani Market Ki gali, Chouea Rasta, bJaipur aiv, 184p.c22 cm (Hb)